[Event "25th Abu Dhabi Master 2018"]
[Site "Abu Dhabi"]
[Date "2018.08.07"]
[Round "1"]
[White "Nihal Sarin"]
[Black "Navalgund, Niranjan"]
[Result "1-0"]
[WhiteElo "2556"]
[BlackElo "2255"]
[Annotator "TA"]
[PlyCount "69"]
[EventDate "2018.08.05"]
[EventType "swiss"]
[EventCountry "UAE"]
[SourceTitle "playchess.com"]
[Source "ChessBase"]
[SourceQuality "1"]

{[%evp 17,69,58,66,19,19,19,19,19,19,19,19,19,27,14,20,1,20,14,26,25,21,28,157,166,152,154,177,173,171,160,285,298,286,301,291,247,346,341,559,551,570,405,1114,1089,981,936,2897,2883,2301,2200,29990,29991,29998,29999]} 1. d4 Nf6 2. c4 g6 3. Nc3 Bg7 4. e4 d6 5. Be2 O-O 6. Be3 e5 7. d5 Na6 8. g4 {E73: King's Indian: Averbakh Variation without 6...c5} Nc5 9. f3 {[%cal Bf2f3,Bf3g4,Bg4g5][%mdl 32]} h5 {LiveBook: 17 Games} 10. h4 {White is slightly better.} hxg4 $146 ({Predecessor:} 10... a5 11. g5 Nh7 12. Nh3 f5 13. Nf2 f4 14. Bd2 Rf7 15. Qc2 Bf8 {½-½ (74) Ganguly,S (2650)-Narayanan,S (2530) Bhubaneswar 2018}) 11. b4 $1 {[%cal Rb4c5]} Na6 {[#] Hoping for ...g3.} 12. fxg4 Qd7 {[%cal Rf6g4]} 13. b5 Nc5 14. Bxc5 $1 dxc5 15. g5 Ng4 16. Qd3 $1 f5 {[#] Strongly threatening ...Nf2!} 17. gxf6 Bh6 18. Nh3 $1 $36 {[%mdl 2048] Threatens to win with Rg1. White has some pressure.} Ne3 19. Rh2 {Black must now prevent Ng5.} Rxf6 (19... Qh7 $11) 20. Ng5 $16 Ng4 21. Rg2 Bxg5 22. hxg5 Rf4 23. Kd2 Qe7 (23... Qh7 $16) 24. Rag1 $18 Nf2 25. Qe3 Nh3 26. Rh1 Rh4 (26... Kg7 $142 27. Qg3 (27. Rxh3 Bxh3 28. Qxh3 Rh8 $18) 27... Rf8) 27. Rgh2 a6 $2 (27... Rh7 28. Rxh3 Bxh3) 28. b6 ({Not} 28. Rxh3 Rxh3 29. Rxh3 Bxh3 $16) 28... cxb6 29. Bf1 {[%cal Rf1h3]} ({Weaker is} 29. Rxh3 Bxh3 30. Rxh3 Rxh3 $16) 29... Kg7 (29... Qxg5 $142 30. Bxh3 Qxe3+ 31. Kxe3 Rxh3+ 32. Rxh3 Bxh3 33. Rxh3 b5 34. cxb5 axb5 35. Nxb5 Kg7) 30. Bxh3 Bxh3 31. Rxh3 Rxh3 32. Qxh3 {Threatening mate with Qh7+.} Qxg5+ 33. Kc2 {Intending Qh7+ and mate.} Qf4 34. d6 Rf8 35. Qh7+ {Precision: White = 84%, Black = 34%.} 1-0

[Event "25th Abu Dhabi Master 2018"]
[Site "Abu Dhabi"]
[Date "2018.08.07"]
[Round "1"]
[White "Debashis, Das"]
[Black "Rayes, Abdul Kader"]
[Result "1-0"]
[WhiteElo "2539"]
[BlackElo "2242"]
[Annotator "ChessBase"]
[PlyCount "128"]
[EventDate "2018.08.05"]
[EventType "swiss"]
[EventCountry "UAE"]
[SourceTitle "playchess.com"]
[Source "ChessBase"]
[SourceQuality "1"]
[TimeControl "5400+30"]

1. d4 {[%emt 0:00:40]} e6 {[%emt 0:00:32]} 2. c4 {[%emt 0:00:08]} d5 {[%emt 0:00:03]} 3. Nc3 {[%emt 0:00:13]} c6 {[%emt 0:00:14]} 4. e3 {[%emt 0:00:23]} Nf6 {[%emt 0:00:26]} 5. Nf3 {[%emt 0:00:08]} Nbd7 {[%emt 0:00:12]} 6. Bd3 {[%emt 0:00:40]} b6 {[%emt 0:03:40]} 7. O-O {[%emt 0:00:08]} Bb7 {[%emt 0:00:06]} 8. b3 {[%emt 0:00:10]} Be7 {[%emt 0:02:12]} 9. Bb2 {[%emt 0:00:07]} O-O {[%emt 0:00:26]} 10. Qe2 {[%emt 0:00:10]} Re8 {[%emt 0:02:37]} 11. Rfd1 {[%emt 0:03:19]} Rc8 {[%emt 0:03:17]} 12. e4 {[%emt 0:13:51]} dxe4 {[%emt 0:06:30]} 13. Nxe4 {[%emt 0:00:57]} Qc7 {[%emt 0:00:56]} 14. Nxf6+ {[%emt 0:18:14]} Bxf6 {[%emt 0:19:28]} 15. c5 {[%emt 0:14:18]} g6 {[%emt 0:14:38]} 16. b4 {[%emt 0:18:41]} Bg7 {[%emt 0:14:43]} 17. Bc4 {[%emt 0:05:24]} Rcd8 {[%emt 0:07:34]} 18. a3 {[%emt 0:01:08]} a5 {[%emt 0:03:28]} 19. Rac1 {[%emt 0:00:58]} b5 {[%emt 0:01:14]} 20. Bb3 {[%emt 0:00:31]} Nf6 {[%emt 0:00:56]} 21. Rc2 {[%emt 0:07:29]} Nd5 {[%emt 0:01:49]} 22. Qe1 {[%emt 0:00:06]} a4 {[%emt 0:04:24]} 23. Ba2 {[%emt 0:00:07]} f6 {[%emt 0:01:26]} 24. Re2 {[%emt 0:00:16]} Bc8 {[%emt 0:01:31]} 25. Nd2 {[%emt 0:02:40]} Qf7 {[%emt 0:00:57]} 26. Ne4 {[%emt 0:00:39]} Bf8 {[%emt 0:00:33]} 27. g3 {[%emt 0:01:48]} Be7 {[%emt 0:05:02]} 28. Rd3 {[%emt 0:00:57]} f5 {[%emt 0:00:53]} 29. Nd2 {[%emt 0:01:24]} Bf6 {[%emt 0:00:59]} 30. Nf3 {[%emt 0:00:15]} Qc7 {[%emt 0:03:02]} 31. Bc1 {[%emt 0:00:26]} Re7 {[%emt 0:01:07]} 32. Bh6 {[%emt 0:02:47]} Rde8 {[%emt 0:00:29]} 33. Qd2 {[%emt 0:00:46]} Bd7 {[%emt 0:00:29]} 34. Bg5 {[%emt 0:00:25]} Bxg5 {[%emt 0:00:25]} 35. Qxg5 {[%emt 0:00:08]} Bc8 {[%emt 0:00:39]} 36. h4 {[%emt 0:01:59]} Qd8 {[%emt 0:00:27]} 37. Ne5 {[%emt 0:00:50]} Bb7 {[%emt 0:00:06]} 38. Nf3 {[%emt 0:01:52]} Rd7 {[%emt 0:00:47]} 39. Qc1 {[%emt 0:02:12]} Qf6 {[%emt 0:00:18]} 40. Ne5 {[%emt 0:00:05]} Rdd8 {[%emt 0:00:35]} 41. Rd1 {[%emt 0:00:29]} Kg7 {[%emt 0:00:38]} 42. Rde1 {[%emt 0:00:44]} Re7 {[%emt 0:00:21]} 43. Nf3 {[%emt 0:00:20]} Bc8 {[%emt 0:00:15]} 44. Re5 {[%emt 0:00:34]} Nc7 {[%emt 0:00:17]} 45. Qf4 {[%emt 0:00:11]} h6 {[%emt 0:00:47]} 46. R5e2 {[%emt 0:02:25]} Bb7 {[%emt 0:00:31]} 47. Kg2 {[%emt 0:00:29]} Nd5 {[%emt 0:00:23]} 48. Bxd5 {[%emt 0:00:17]} Rxd5 {[%emt 0:00:01]} 49. Re5 {[%emt 0:00:33]} Rd8 {[%emt 0:00:33]} 50. Qe3 {[%emt 0:00:12]} Bc8 {[%emt 0:00:20]} 51. Re2 {[%emt 0:00:16]} Ree8 {[%emt 0:01:04]} 52. Qd3 {[%emt 0:00:56]} Re7 {[%emt 0:00:39]} 53. Qe3 {[%emt 0:00:36]} Ree8 {[%emt 0:00:38]} 54. Kg1 {[%emt 0:00:07]} Bd7 {[%emt 0:00:13]} 55. Qf4 {[%emt 0:00:39]} Re7 {[%emt 0:00:06]} 56. d5 {[%emt 0:00:22]} cxd5 {[%emt 0:00:29]} 57. Nd4 {[%emt 0:00:01]} Rc8 {[%emt 0:01:32]} 58. Qe3 {[%emt 0:00:52]} Rb8 {[%emt 0:00:32]} 59. Rxd5 {[%emt 0:01:07]} Be8 {[%emt 0:00:29]} 60. Rd6 {[%emt 0:00:16]} g5 {[%emt 0:00:31]} 61. hxg5 {[%emt 0:00:30]} hxg5 {[%emt 0:00:01]} 62. Qf3 {[%emt 0:00:49]} Bf7 {[%emt 0:00:11]} 63. Nxf5+ {[%emt 0:00:41]} Kf8 {[%emt 0:01:13]} 64. Nd4 {[%emt 0:00:09]} Qxf3 {[%emt 0:01:06]} 1-0

[Event "25th Abu Dhabi Master 2018"]
[Site "Abu Dhabi"]
[Date "2018.08.07"]
[Round "1"]
[White "Aryan, Chopra"]
[Black "Pranavananda, V."]
[Result "1-0"]
[WhiteElo "2536"]
[BlackElo "2232"]
[Annotator "TA"]
[PlyCount "61"]
[EventDate "2018.08.05"]
[EventType "swiss"]
[EventCountry "UAE"]
[SourceTitle "playchess.com"]
[Source "ChessBase"]
[SourceQuality "1"]

{[%evp 25,61,64,35,29,37,37,58,60,95,75,129,141,187,185,363,240,249,245,264,256,616,615,633,618,1005,831,1026,986,29976,943,12839,12839,29992,29993,29993,29994,29994,29995]} 1. e4 c5 2. Nf3 {[%cal Bg1f3,Bf3d4,Bd4f5][%mdl 32]} d6 3. d4 cxd4 4. Nxd4 Nf6 5. Nc3 e5 6. Bb5+ Nbd7 7. Nf5 a6 8. Bxd7+ Qxd7 9. Bg5 Nxe4 10. Nxg7+ Bxg7 11. Nxe4 O-O 12. Qxd6 f6 {B56: Classical Sicilian: Unusual Lines} 13. Be3 Qg4 {LiveBook: 6 Games} 14. Ng3 (14. Nc5 Qb4+ 15. Qd2 Qxb2 16. O-O Bf5 17. Qd5+ Kh8 18. Rab1 Qxc2 19. Rxb7 Rad8 20. Qb3 {½-½ (60) Tari,A (2558)-Berkes,F (2636) Gjakova 2016}) 14... Be6 {White has an edge.} 15. O-O Rad8 $146 ({Predecessor:} 15... Rfe8 16. f4 Rad8 17. Qb6 Rd7 18. fxe5 fxe5 19. Rae1 Rc8 20. c3 {1-0 (62) Williamson,H-Secrieru,I (1873) ICCF email 2007}) 16. Qb6 $1 Bc4 17. h3 Qg6 (17... Qe6 $142) 18. Rfd1 $16 (18. Qxb7 Bxf1 19. Rxf1 f5 $15) 18... Rxd1+ 19. Rxd1 Bxa2 $2 {[#]} (19... f5 {was worth a try.}) 20. Qxb7 Qxc2 21. Rd7 Bf7 22. b4 ({Don't play} 22. Qxa6 $6 Qxb2 23. Qc6 (23. Qd3 Qb3 $16) 23... Be8 $16) 22... Qb3 $2 (22... Qg6 23. Bc5 (23. Qxa6 Re8 $18) 23... Re8) 23. Bc5 $18 Re8 24. Ne4 {[%cal Bg3e4,Be4d6,Bd6e8][%mdl 32]} Bh8 25. Nd6 {[%cal Rd6f7]} Bd5 26. Qc7 Qb1+ 27. Kh2 {[%cal Bg1h2,Bh2g3,Bg3h4][%mdl 32]} Qg6 28. g4 Qb1 29. Nxe8 {White mates.} Qh1+ 30. Kg3 Qf3+ 31. Kh4 {Precision: White = 86%, Black = 28%.} 1-0

[Event "25th Abu Dhabi Master 2018"]
[Site "Abu Dhabi"]
[Date "2018.08.07"]
[Round "1"]
[White "Lalith, Babu MR"]
[Black "Vantika, Agrawal"]
[Result "1-0"]
[WhiteElo "2520"]
[BlackElo "2225"]
[Annotator "TA"]
[PlyCount "63"]
[EventDate "2018.08.05"]
[EventType "swiss"]
[EventCountry "UAE"]
[SourceTitle "playchess.com"]
[Source "ChessBase"]
[SourceQuality "1"]

{[%evp 17,63,11,8,3,0,-11,0,0,0,-39,-13,-23,-22,-36,-35,-58,0,0,0,0,0,0,6,-25,0,0,7,3,0,0,0,0,0,0,66,74,71,64,580,583,575,575,575,575,570,570,557,559]} 1. c4 g6 2. g3 Bg7 3. Bg2 e5 4. Nc3 d6 5. e4 Nc6 6. Nge2 Nge7 7. d3 O-O 8. O-O Be6 9. Be3 Nd4 {LiveBook: 7 Partien. A26: Englische Eröffnung (Sizilianisch im Anzug)} 10. Qd2 (10. Nd5 c6 11. Nxe7+ Qxe7 12. Qd2 f5 13. Nxd4 exd4 14. Bg5 Qd7 15. Rae1 Rae8 {½-½ (59) Bezold,M (2547)-Stefanova,A (2530) Munich 2016}) 10... c6 11. f4 f5 {Die Stellung ist ausgeglichen.} 12. Rae1 Qd7 13. Bf2 Rae8 14. exf5 $146 ({Vorgänger:} 14. Nxd4 exd4 15. Ne2 c5 16. Nc1 fxe4 17. Rxe4 {½-½ (52) Srebrnic,M (2249)-Miletic,D (2134) Nova Gorica 2005}) 14... Nexf5 15. fxe5 dxe5 {Droht ...Lh6 und aus.} 16. Ne4 Nxe2+ (16... Bh6 $15 17. Qd1 Ne3 18. Bxe3 Bxe3+ 19. Kh1 Bg4 20. Nf6+ Rxf6 $1 {[%mdl 512]} 21. Rxf6 Nxe2 22. Rxe2 e4) 17. Qxe2 $11 Nd4 18. Qd2 b6 19. Be3 Bg4 20. Bh6 Nf3+ 21. Bxf3 $1 Bxf3 22. Bxg7 Kxg7 23. Ng5 Bg4 24. Rxf8 Rxf8 25. Qc3 $36 {[%mdl 2048] Weiss steht aktiver.} Qd4+ (25... Kg8 $11) 26. Qxd4 $14 exd4 {[%mdl 4096] Endspiel [#] KTL-KTS} 27. Re4 $1 {[%cal Re4g4]} Bd1 $2 {[%mdl 8192]} (27... Bf5 $14 28. Rxd4 c5) 28. Ne6+ $18 {Weiß steht klar auf Gewinn.} Kg8 29. Nxf8 Kxf8 30. Rxd4 Ke7 31. Kf2 c5 32. Re4+ {Precision: Weiß = 58%, Schwarz = 33%.} 1-0

[Event "25th Abu Dhabi Master 2018"]
[Site "Abu Dhabi"]
[Date "2018.08.07"]
[Round "1"]
[White "Erigaisi, Arjun"]
[Black "Sharma, Dushyant"]
[Result "1-0"]
[WhiteElo "2517"]
[BlackElo "2221"]
[Annotator "ChessBase"]
[PlyCount "67"]
[EventDate "2018.08.05"]
[EventType "swiss"]
[EventCountry "UAE"]
[SourceTitle "playchess.com"]
[Source "ChessBase"]
[SourceQuality "1"]
[TimeControl "5400+30"]

1. c4 {[%emt 0:00:06]} e6 {[%emt 0:00:00]} 2. Nc3 {[%emt 0:00:08]} d5 {[%emt 0:03:05]} 3. d4 {[%emt 0:00:12]} Nf6 {[%emt 0:00:54]} 4. cxd5 {[%emt 0:00:08]} exd5 {[%emt 0:00:12]} 5. Bg5 {[%emt 0:00:08]} Be7 {[%emt 0:05:09]} 6. e3 {[%emt 0:00:10]} O-O {[%emt 0:02:37]} 7. Bd3 {[%emt 0:00:09]} c6 {[%emt 0:01:19]} 8. Qc2 {[%emt 0:01:23]} h6 {[%emt 0:01:52]} 9. Bh4 {[%emt 0:00:29]} Be6 {[%emt 0:01:34]} 10. Nge2 {[%emt 0:00:42]} Nbd7 {[%emt 0:03:51]} 11. Nf4 {[%emt 0:01:14]} Rc8 {[%emt 0:19:26]} 12. Rd1 {[%emt 0:01:14]} Re8 {[%emt 0:10:08]} 13. O-O {[%emt 0:01:41]} Bd6 {[%emt 0:04:28]} 14. Nxe6 {[%emt 0:05:02]} fxe6 {[%emt 0:02:40]} 15. e4 {[%emt 0:01:05]} e5 {[%emt 0:08:19]} 16. dxe5 {[%emt 0:01:49]} Bxe5 {[%emt 0:02:53]} 17. exd5 {[%emt 0:01:04]} cxd5 {[%emt 0:03:56]} 18. Bg6 {[%emt 0:13:43]} Rf8 {[%emt 0:17:52]} 19. Qf5 {[%emt 0:17:54]} Bxc3 {[%emt 0:01:59]} 20. bxc3 {[%emt 0:00:18]} Nb6 {[%emt 0:01:45]} 21. Qh3 {[%emt 0:02:34]} Rc6 {[%emt 0:03:50]} 22. Rd3 {[%emt 0:03:07]} Qc7 {[%emt 0:02:02]} 23. Bf5 {[%emt 0:07:42]} Qf7 {[%emt 0:01:00]} 24. Rf3 {[%emt 0:02:41]} Kh8 {[%emt 0:00:33]} 25. Bc2 {[%emt 0:03:50]} Qd7 {[%emt 0:00:33]} 26. Qg3 {[%emt 0:01:31]} Qe8 {[%emt 0:00:30]} 27. Rd1 {[%emt 0:04:47]} d4 {[%emt 0:00:31]} 28. Bxf6 {[%emt 0:00:42]} Rfxf6 {[%emt 0:00:29]} 29. Rxf6 {[%emt 0:00:12]} Rxf6 {[%emt 0:00:30]} 30. Qd3 {[%emt 0:00:13]} Kg8 {[%emt 0:00:30]} 31. Qh7+ {[%emt 0:00:32]} Kf8 {[%emt 0:00:29]} 32. Qh8+ {[%emt 0:00:14]} Kf7 {[%emt 0:00:22]} 33. Bb3+ {[%emt 0:00:07]} Re6 {[%emt 0:00:17]} 34. Qxe8+ {[%emt 0:00:11]} 1-0

[Event "25th Abu Dhabi Master 2018"]
[Site "Abu Dhabi"]
[Date "2018.08.07"]
[Round "1"]
[White "Kuybokarov, Temur"]
[Black "Samant, Aditya S"]
[Result "1-0"]
[WhiteElo "2499"]
[BlackElo "2217"]
[Annotator "RC"]
[PlyCount "90"]
[EventDate "2018.08.05"]
[EventType "swiss"]
[EventCountry "UAE"]
[SourceTitle "playchess.com"]
[Source "ChessBase"]
[SourceQuality "1"]
[TimeControl "5400+30"]

1. d4 {[%emt 0:00:00]} Nf6 {[%emt 0:00:00]} 2. c4 {[%emt 0:00:00]} e6 {[%emt 0:00:00]} 3. g3 {[%emt 0:00:00]} Bb4+ {[%emt 0:00:49]} 4. Bd2 {[%emt 0:00:00]} a5 {[%emt 0:00:14]} 5. Nf3 {[%emt 0:00:18]} d5 {[%emt 0:00:40]} 6. Qc2 {[%emt 0:00:17]} O-O {[%emt 0:03:52]} 7. Bg2 {[%emt 0:00:17]} c6 {[%emt 0:00:43]} 8. O-O {[%emt 0:00:38]} Nbd7 {[%emt 0:04:05]} 9. Rd1 {[%emt 0:05:06]} Be7 {[%emt 0:04:14]} 10. Bf4 {[%emt 0:02:06]} Ne4 {[%emt 0:04:26]} 11. Ne5 {[%emt 0:06:14]} f5 {[%emt 0:06:23]} 12. f3 {[%emt 0:01:39]} Nxe5 {[%emt 0:03:57]} 13. Bxe5 Nd6 {[%emt 0:02:45]} 14. Bxd6 {[%emt 0:08:16]} Bxd6 {[%emt 0:03:03]} 15. e4 {[%emt 0:03:29]} f4 {[%emt 0:07:16]} 16. e5 {[%emt 0:02:30]} Be7 {[%emt 0:06:44]} 17. g4 {[%emt 0:02:27]} Bh4 {[%emt 0:06:41]} 18. c5 {[%emt 0:06:14]} Qg5 {[%emt 0:03:40]} 19. Nc3 {[%emt 0:02:11]} Bd7 {[%emt 0:01:00]} 20. Rd2 {[%emt 0:00:44]} Be8 {[%emt 0:02:01]} 21. Bf1 {[%emt 0:02:00]} h5 {[%emt 0:06:35]} 22. Bh3 {[%emt 0:01:51]} b6 {[%emt 0:09:04]} 23. cxb6 {[%emt 0:04:42]} c5 {[%emt 0:00:15]} 24. dxc5 {[%emt 0:03:37]} Qxe5 {[%emt 0:00:28]} 25. Kg2 {[%emt 0:02:30]} d4 {[%emt 0:08:22]} 26. Ne2 {[%emt 0:10:04]} Rd8 {[%emt 0:02:13]} 27. Rad1 {[%emt 0:15:24]} d3 {[%emt 0:02:47]} 28. Rxd3 {[%emt 0:00:17]} Bg6 {[%emt 0:00:10]} 29. gxh5 {[%emt 0:00:41]} Bxd3 {[%emt 0:02:27]} 30. Rxd3 {[%emt 0:00:04]} Rxd3 {[%emt 0:05:05]} 31. Qxd3 {[%emt 0:00:05]} Qxc5 {[%emt 0:01:38]} 32. Bxe6+ {[%emt 0:00:05]} Kh8 {[%emt 0:00:03]} 33. b7 {[%emt 0:00:24]} Qf2+ {[%emt 0:04:01]} 34. Kh3 {[%emt 0:00:05]} Be7 {[%emt 0:00:40]} 35. Nc3 {[%emt 0:01:34]} Rd8 {[%emt 0:00:34]} 36. Nd5 {[%emt 0:03:10]} Qh4+ {[%emt 0:00:25]} 37. Kg2 {[%emt 0:00:05]} Qg5+ {[%emt 0:00:21]} 38. Bg4 {[%emt 0:00:49]} Qe5 {[%emt 0:00:22]} 39. b3 {[%emt 0:01:40]} Bd6 {[%emt 0:00:38]} 40. Nb6 {[%emt 0:00:43]} Bc7 {[%emt 0:00:44]} 41. Nd7 {[%emt 0:00:36]} Qb2+ {[%emt 0:00:24]} 42. Kh3 {[%emt 0:00:17]} Qf2 {[%emt 0:00:36]} 43. h6 {[%emt 0:00:49]} Qe3 {[%emt 0:00:33]} 44. Qc4 {[%emt 0:02:03]} Rxd7 {[%emt 0:00:31]} 45. Qxc7 {[%emt 0:00:30]} Qd2 {[%emt 0:00:29]} 1-0

[Event "25th Abu Dhabi Master 2018"]
[Site "Abu Dhabi"]
[Date "2018.08.07"]
[Round "1"]
[White "Sindarov, Javokhir"]
[Black "Rakshitta, Ravi"]
[Result "0-1"]
[WhiteElo "2488"]
[BlackElo "2198"]
[Annotator "TA"]
[PlyCount "52"]
[EventDate "2018.08.05"]
[EventType "swiss"]
[EventCountry "UAE"]
[SourceTitle "playchess.com"]
[Source "ChessBase"]
[SourceQuality "1"]

{[%evp 16,52,0,-5,58,-66,-68,-93,-83,-79,-79,-100,-96,-104,-48,-57,-47,-45,-34,-36,-27,-28,-35,-35,-40,-29986,-29987,-29987,-29988,-29988,-29988,-29988,-29989,-29989,-29990,-29997,-29998,-29998,-29999]} 1. e4 {[%cal Be2e4,Be4e5][%mdl 32]} e5 2. Nf3 Nc6 3. d4 exd4 4. Nxd4 Nf6 5. Nxc6 bxc6 6. e5 Qe7 7. Qe2 Nd5 8. h4 d6 {C45: Scotch Game} (8... Bb7 9. c4 Nb6 10. Rh3 Qe6 11. f4 O-O-O 12. a4 d5 13. a5 Nxc4 14. b3 Bb4+ 15. Kf2 Nxa5 16. Bd2 {½-½ (73) Nakamura,H (2781)-Carlsen,M (2837) London 2017}) 9. c4 {LiveBook: 24 Games} Ba6 (9... Nb6 $11) 10. Rh3 $146 (10. Bg5 $14 f6 11. exf6 Nxf6 12. Nc3) ({Predecessor:} 10. Bg5 f6 11. exf6 Qxe2+ 12. Bxe2 Nxf6 13. Bxf6 gxf6 14. Bh5+ Kd7 15. Nd2 f5 16. O-O-O Bg7 17. b3 Bb7 {1-0 (17) Scerbin,D (2356)-Magafurov,A (1888) Nalchik 2014}) 10... dxe5 $15 {Black is slightly better.} 11. Qe4 {[#]} f5 $1 {[%cal Rf5e4][%mdl 512]} 12. Qxf5 Bc8 13. Qe4 Bxh3 14. gxh3 {[#]} Nb6 (14... Qc5 $1 $17 {aiming for ...Be7.} 15. Nc3 Nxc3 16. bxc3 Be7) 15. Qxc6+ Qd7 16. Bg2 Bb4+ 17. Nc3 {And now c5 would win.} Rd8 {next ...0-0 is good for Black.} 18. Bg5 {Black must now prevent Rd1.} O-O 19. Bxd8 Qd4 $40 {[%mdl 128] Black has some attack.} 20. Be7 $2 {[%mdl 8192]} (20. Bf3 $15 Bxc3+ 21. Kf1 Qxd8 22. bxc3) 20... Bxc3+ {Black mates.} 21. bxc3 Qxc3+ 22. Ke2 Qc2+ 23. Ke1 Qxf2+ 24. Kd1 Qd4+ 25. Kc1 Qxa1+ 26. Kc2 Rf2+ {Precision: White = 57%, Black = 63%.} 0-1

[Event "25th Abu Dhabi Master 2018"]
[Site "Abu Dhabi"]
[Date "2018.08.07"]
[Round "1"]
[White "Kunte, Abhijit"]
[Black "Sahil, Tickoo"]
[Result "1-0"]
[WhiteElo "2485"]
[BlackElo "2192"]
[Annotator "RC"]
[PlyCount "91"]
[EventDate "2018.08.05"]
[EventType "swiss"]
[EventCountry "UAE"]
[SourceTitle "playchess.com"]
[Source "ChessBase"]
[SourceQuality "1"]
[TimeControl "5400+30"]

1. Nf3 {[%emt 0:00:20]} d5 {[%emt 0:00:00]} 2. d4 {[%emt 0:01:17]} Nf6 {[%emt 0:00:00]} 3. c4 {[%emt 0:00:09]} e6 {[%emt 0:00:00]} 4. g3 {[%emt 0:00:10]} Bb4+ {[%emt 0:00:00]} 5. Bd2 {[%emt 0:00:10]} Bd6 {[%emt 0:00:01]} 6. Bg2 {[%emt 0:00:25]} O-O {[%emt 0:00:11]} 7. O-O {[%emt 0:01:55]} c6 {[%emt 0:00:10]} 8. b3 {[%emt 0:00:45]} Ne4 {[%emt 0:03:08]} 9. Nc3 {[%emt 0:07:54]} Nxd2 {[%emt 0:03:38]} 10. Qxd2 {[%emt 0:00:48]} f5 {[%emt 0:20:40]} 11. a3 {[%emt 0:03:43]} Nd7 {[%emt 0:01:40]} 12. e3 {[%emt 0:05:07]} Nf6 {[%emt 0:08:55]} 13. Ne5 {[%emt 0:08:23]} Ne4 {[%emt 0:05:32]} 14. Qb2 {[%emt 0:01:01]} Qf6 {[%emt 0:16:04]} 15. Ne2 {[%emt 0:05:05]} Qe7 {[%emt 0:04:51]} 16. Rfc1 {[%emt 0:06:33]} Bd7 {[%emt 0:03:24]} 17. b4 {[%emt 0:04:33]} Rab8 {[%emt 0:16:59]} 18. Nf4 {[%emt 0:12:47]} b5 {[%emt 0:06:24]} 19. c5 {[%emt 0:06:26]} Bc7 {[%emt 0:00:51]} 20. f3 {[%emt 0:02:52]} Ng5 {[%emt 0:01:59]} 21. Nfd3 {[%emt 0:00:45]} Nf7 {[%emt 0:03:53]} 22. a4 {[%emt 0:04:59]} a5 {[%emt 0:00:40]} 23. bxa5 {[%emt 0:02:47]} bxa4 {[%emt 0:00:58]} 24. Qd2 {[%emt 0:00:13]} Rb5 {[%emt 0:01:23]} 25. Rxa4 {[%emt 0:00:09]} Ra8 {[%emt 0:00:19]} 26. Nxf7 {[%emt 0:03:30]} Qxf7 {[%emt 0:00:27]} 27. a6 {[%emt 0:00:13]} Ra7 {[%emt 0:00:35]} 28. Bf1 {[%emt 0:00:29]} Rb8 {[%emt 0:00:27]} 29. f4 {[%emt 0:00:13]} Qe8 {[%emt 0:00:43]} 30. Rca1 {[%emt 0:00:35]} Qc8 {[%emt 0:00:34]} 31. Ne5 {[%emt 0:00:49]} Be8 {[%emt 0:00:14]} 32. Rb4 {[%emt 0:00:10]} Rba8 {[%emt 0:00:37]} 33. Qa2 {[%emt 0:01:47]} Rb8 {[%emt 0:00:02]} 34. Rab1 {[%emt 0:00:55]} Rxb4 {[%emt 0:00:44]} 35. Rxb4 {[%emt 0:00:07]} h6 {[%emt 0:00:30]} 36. Rb6 {[%emt 0:01:17]} Bxe5 {[%emt 0:00:30]} 37. fxe5 {[%emt 0:01:13]} Qd8 {[%emt 0:00:46]} 38. Qb3 {[%emt 0:00:11]} Ra8 {[%emt 0:00:13]} 39. Rb7 {[%emt 0:01:59]} Bd7 {[%emt 0:00:16]} 40. Qb6 {[%emt 0:01:57]} Qg5 {[%emt 0:00:56]} 41. Rb8+ {[%emt 0:00:22]} Kh7 {[%emt 0:00:24]} 42. Kf2 {[%emt 0:00:06]} Rxb8 {[%emt 0:00:43]} 43. Qxb8 {[%emt 0:00:08]} Qh5 {[%emt 0:00:31]} 44. a7 {[%emt 0:00:27]} Qxh2+ {[%emt 0:00:07]} 45. Bg2 {[%emt 0:00:06]} f4 {[%emt 0:00:55]} 46. exf4 {[%emt 0:00:12]} 1-0

[Event "25th Abu Dhabi Master 2018"]
[Site "Abu Dhabi"]
[Date "2018.08.07"]
[Round "1"]
[White "Vignesh, NR."]
[Black "Adnan, Habib Hana"]
[Result "1-0"]
[WhiteElo "2464"]
[BlackElo "2220"]
[Annotator "RC"]
[PlyCount "58"]
[EventDate "2018.08.05"]
[EventType "swiss"]
[EventCountry "UAE"]
[SourceTitle "playchess.com"]
[Source "ChessBase"]
[SourceQuality "1"]
[TimeControl "5400+30"]

1. e4 {[%emt 0:00:38]} c5 {[%emt 0:00:17]} 2. Nf3 {[%emt 0:00:27]} e6 {[%emt 0:00:13]} 3. d4 {[%emt 0:04:04]} cxd4 {[%emt 0:00:18]} 4. Nxd4 {[%emt 0:00:06]} Nc6 {[%emt 0:00:08]} 5. Nxc6 {[%emt 0:02:19]} bxc6 {[%emt 0:05:55]} 6. Bd3 {[%emt 0:00:07]} d5 {[%emt 0:02:09]} 7. O-O {[%emt 0:00:09]} Nf6 {[%emt 0:00:45]} 8. Qe2 {[%emt 0:00:12]} Bb7 {[%emt 0:03:05]} 9. exd5 {[%emt 0:03:21]} cxd5 {[%emt 0:02:18]} 10. Bb5+ {[%emt 0:04:57]} Nd7 {[%emt 0:02:45]} 11. c4 {[%emt 0:01:08]} Bd6 {[%emt 0:18:54]} 12. cxd5 {[%emt 0:02:43]} O-O {[%emt 0:09:54]} 13. Bc6 {[%emt 0:04:06]} Bxc6 {[%emt 0:02:40]} 14. dxc6 {[%emt 0:00:02]} Ne5 {[%emt 0:01:24]} 15. Rd1 {[%emt 0:00:45]} Nxc6 {[%emt 0:05:43]} 16. Nc3 {[%emt 0:05:16]} Qe7 {[%emt 0:04:56]} 17. Be3 {[%emt 0:06:53]} Rfc8 {[%emt 0:04:36]} 18. Rac1 {[%emt 0:00:55]} Rab8 {[%emt 0:01:30]} 19. Qa6 {[%emt 0:08:20]} Bc7 {[%emt 0:12:56]} 20. Nd5 {[%emt 0:11:45]} exd5 {[%emt 0:01:55]} 21. Rxc6 {[%emt 0:00:54]} Rd8 {[%emt 0:00:33]} 22. Qxa7 {[%emt 0:04:44]} Rb7 {[%emt 0:01:40]} 23. Qc5 {[%emt 0:03:37]} Bd6 {[%emt 0:03:47]} 24. Qc2 {[%emt 0:14:50]} Qe5 {[%emt 0:02:03]} 25. g3 {[%emt 0:00:02]} Rxb2 {[%emt 0:01:02]} 26. Rxd6 {[%emt 0:00:42]} Rdb8 {[%emt 0:03:15]} 27. Qc7 {[%emt 0:00:34]} Qe8 {[%emt 0:00:39]} 28. R6xd5 {[%emt 0:00:12]} Rb1 {[%emt 0:00:32]} 29. Qc2 {[%emt 0:00:25]} R1b2 {[%emt 0:00:18]} 1-0